00470nam a2200133Ia 4500001001000000003000500010008004100015010001100056040000900067100002900076245012800105500005800233650004500291Para_7277CHAP220125s9999 xx 000 0 und d a206165 cCHAP aRodríguez Lara, Raúl aIndicaciones de como colectar, preservar y empacar insectos para su envío e identificación /c Raúl Rodríguez Lara aSobretiro de: México y sus bosques 2 (8): 4-5, 1963 aInsectos x colección y preservación